Rafael Nadal à Roland-Garros - Statistiques

Statistiques générales
  • Ce quiz a été pris 44 fois
    38 depuis la dernière actualisation
  • Le résultat moyen est 7 sur 20
Statistiques - réponses
Question Réponse % Correct
Quel âge avait Rafael Nadal lors de sa première victoire en 2005 ? 19 ans
100%
Qui a été le plus vieux joueur battu par Nadal en finale ? Roger Federer
86%
Combien de finales Nadal a-t-il jouées contre Federer à Roland-Garros ? 6
67%
Combien de sets Nadal a-t-il perdus au total à Roland-Garros en 67 matches ? 20
61%
Quel joueur a été le premier à battre Nadal à Roland-Garros ? Robin Söderling
58%
Laquelle des 9 finales jouées par Nadal à Roland-Garros s'est achevée le lundi, à cause de la pluie ? 2012
50%
Contre quel joueur Nadal a-t-il remporté sa première finale à Roland-Garros ? Mariano Puerta
47%
Quel adversaire Nadal a-t-il affronté en demi-finale 2012 ? David Ferrer
44%
En 2013, quelle star de l'athlétisme a remis à Rafael Nadal la coupe des Mousquetaires après sa victoire en finale ? Usain Bolt
42%
Rafael Nadal détient le record de matches gagnés à Roland-Garros, combien ? 112
33%
Quel est le score exact de sa victoire en finale en 2008 ? (écrire sous forme x-x x-x x-x) 6-1 6-3 6-0
25%
Ancien vainqueur à Roland-Garros et ancien N.1 mondial, j'ai affronté une fois Nadal à Paris, m'inclinant en 3 sets contre lui en 1/4, je suis... Carlos Moya
22%
Quelle est la particularité de ce finaliste, battu en finale par Nadal en 2005? Contrôlé positif
22%
Combien de temps a duré sa demi-finale contre Djokovic, remportée 9-7 au 5e set en 2013 ? 4h37
14%
Qui Nadal a-t-il battu en quart de finale lors de son premier titre en 2005 ? Gastón Gaudio
14%
Quelle est la particularité de John Isner face à Nadal ? avoir gagné 2 tie-breaks face à Nadal
6%
Contre qui Nadal a-t-il joué son tout premier match à Roland-Garros en 2005 ? Lars Burgsmuller
3%
Lors de quel match Nadal a-t-il signé sa victoire la plus expéditive à Roland-Garros (93 minutes) ? 8e de finale 2014 face à Lajovic
0%
En 2009, qu'a dit Toni Nadal, l'oncle de Rafael, après l'élimination de son neveu, alors qu'il était en colère contre l'attitude du public ? Le public parisien est stupide.
0%
Quel était le titre de Une du quotidien L'Equipe au lendemain de la 9e victoire de Nadal à Roland-Garros, en 2014 ? Sa terre Nadal
0%
Aucun quiz correspondant
Distribution des résultats
% des personnes avec chaque résultat
Percentile par nombre de réponses
Votre historique - résultats
Vous n’avez pas pris ce quiz depuis la dernière actualisation